| 000 | 00914nam a2200253Ia 4500 | ||
|---|---|---|---|
| 003 | OSt | ||
| 005 | 20220918111013.0 | ||
| 006 | a|||||r|||| 00| 0 | ||
| 007 | ta | ||
| 008 | 220915b |||||||| |||| 00| 0 hin d | ||
| 024 | _a158041 | ||
| 037 | _cReference Collections | ||
| 040 |
_aARTS _cARTS _bhin |
||
| 041 |
_2hin _ahin |
||
| 082 | _aa3152-494,N92, 152N2.3(BB) | ||
| 100 |
_aअग्रवाल, गिरिराजशरण _99618 |
||
| 245 | 0 | _aशोध संदर्भ | |
| 246 | _aShodh sandarbha | ||
| 260 |
_aबिजनौर _bहिन्दी साहित्य निकेतन _c1992 |
||
| 300 | _a381च | ||
| 700 | _a अग्रवाल, मीना | ||
| 942 |
_ha3152-494,N92, 152N2.3(BB) _cREF |
||
| 999 |
_c116341 _d116341 |
||